|
|
|
|
| LEADER |
00592cam a2200181 7i4500 |
| 001 |
0000021066 |
| 005 |
20080404090000.0 |
| 090 |
0 |
0 |
|a INDO 338.7
|b INV
|
| 110 |
2 |
0 |
|a The Investment coordinating Board[BKPM]
|
| 245 |
2 |
0 |
|a Doing business.
|
| 260 |
0 |
0 |
|a Jakarta:
|b The Investment Coordinating Board The Republic of Indonesia,
|c 2006.
|
| 300 |
# |
# |
|a 27 p.
|
| 440 |
0 |
0 |
|a Indonesia Investment guide
|
| 650 |
0 |
0 |
|a Business --
|z Indonesia
|
| 650 |
0 |
0 |
|a Investments --
|z Indonesia
|
| 650 |
0 |
0 |
|a Doing business --
|z Indonesia
|
| 651 |
0 |
0 |
|a Indonesia
|
| 999 |
|
|
|a 0000021571
|b Book
|c Countries
|e Business Information Centre
|